000 00452nam a2200181Ia 4500
001 5026
005 20260306145838.0
008 260306t2014||||xx |||||||||||||| ||spa||
041 _aESP
082 _a332.67
_bC24
100 _aCámara de Comercio e Industria de Arequipa
_eAUT
245 0 _aGuía de negocios e inversión en el Perú, 2014-2015
260 _c2014
300 _a
_c
650 _aGEN
654 _aCAN
942 _cLIB
_dJUS
_fJUS
_2ddc
_n
999 _c5026
_d5026